Carregant...
Prekshakarude arangu/
| Autor principal: | |
|---|---|
| Format: | Printed Book |
| Idioma: | English |
| Publicat: |
Thrissur:
Haritha Pustaka Kendram,
1994.
|
| Matèries: |
| LEADER | 00504 a2200145 4500 | ||
|---|---|---|---|
| 008 | 150103s9999 000 0 eng | ||
| 082 | |a 792 | ||
| 100 | |a Gramaprakas, N.R. | ||
| 245 | |a Prekshakarude arangu/ | ||
| 260 | |a Thrissur: |b Haritha Pustaka Kendram, |c 1994. | ||
| 300 | |a 114 p. | ||
| 650 | |a Theatre | ||
| 942 | |c BK | ||
| 999 | |c 305657 |d 305657 | ||
| 952 | |0 0 |1 0 |2 ddc |4 0 |6 M_792_000000000000000_GRA_PR |7 0 |9 350597 |a DRA |b DRA |c ST1 |d 2011-12-01 |g 30.00 |i 6548 |l 7 |o M 792 GRA/PR |p DRA6548 |r 2020-02-27 |s 2020-01-03 |w 2011-12-01 |y BK | ||